000
00206nam a22000977a 4500
999
_c
264066
_d
264065
020
_a
9780670445806
100
_a
Ludwig bemelmans
245
_a
madeline
260
_a
U.S.A
_b
VIKING PRESS
_c
1939
942
_c
BK